Genetic Algorithms in Electromagnetics / (Record no. 175780)

000 -LEADER
fixed length control field 01501 a2200301 4500
003 - CONTROL NUMBER IDENTIFIER
control field Nust
005 - DATE AND TIME OF LATEST TRANSACTION
control field 20220803121229.0
010 ## - LIBRARY OF CONGRESS CONTROL NUMBER
LC control number 2006046738
020 ## - INTERNATIONAL STANDARD BOOK NUMBER
International Standard Book Number 0471488895
020 ## - INTERNATIONAL STANDARD BOOK NUMBER
International Standard Book Number 9780471488897
035 ## - SYSTEM CONTROL NUMBER
System control number (OCoLC)70673291
035 ## - SYSTEM CONTROL NUMBER
System control number (OCoLC)ocm70673291
040 ## - CATALOGING SOURCE
Transcribing agency Nust
082 00 - DEWEY DECIMAL CLASSIFICATION NUMBER
Classification number 621.30285,HAU
100 1# - MAIN ENTRY--PERSONAL NAME
Personal name Haupt, Randy L.
9 (RLIN) 96399
245 10 - TITLE STATEMENT
Title Genetic Algorithms in Electromagnetics /
Statement of responsibility, etc. Randy L. Haupt, Douglas H. Werner.
260 ## - PUBLICATION, DISTRIBUTION, ETC.
Place of publication, distribution, etc. Hoboken, N.J. :
Name of publisher, distributor, etc. IEEE Press :
-- Wiley-Interscience,
Date of publication, distribution, etc. c2007.
300 ## - PHYSICAL DESCRIPTION
Extent xiii, 301 p. :
Other physical details ill. ;
Dimensions 25 cm.
505 ## - FORMATTED CONTENTS NOTE
Formatted contents note Introduction to Optimization in Electromagnetic (Page-1), Anatomy of a Genetic Algorithm (Page-29), Step-by-Step Example (Page-45), Optimizing Antenna Arrays (Page-63), Smart Antennas Using a GA (Page-133), Genetics Algorithms Optimization of Wire Antennas (Page-169), Optimization of aperture Antennas (Page-199), Optimization of Scattering (Page-217), GA Extensions (Page-251),
650 #0 - SUBJECT ADDED ENTRY--TOPICAL TERM
Topical term or geographic name entry element Electromagnetism
General subdivision Mathematical models.
9 (RLIN) 96400
650 #0 - SUBJECT ADDED ENTRY--TOPICAL TERM
Topical term or geographic name entry element Genetic algorithms.
650 #0 - SUBJECT ADDED ENTRY--TOPICAL TERM
Topical term or geographic name entry element Telecommunication Engineering
700 1# - ADDED ENTRY--PERSONAL NAME
Personal name Werner, Douglas H.,
Dates associated with a name 1960-
9 (RLIN) 96401
856 42 - ELECTRONIC LOCATION AND ACCESS
Materials specified Contributor biographical information
Uniform Resource Identifier <a href="http://www.loc.gov/catdir/enhancements/fy0741/2006046738-b.html">http://www.loc.gov/catdir/enhancements/fy0741/2006046738-b.html</a>
856 42 - ELECTRONIC LOCATION AND ACCESS
Materials specified Publisher description
Uniform Resource Identifier <a href="http://www.loc.gov/catdir/enhancements/fy0653/2006046738-d.html">http://www.loc.gov/catdir/enhancements/fy0653/2006046738-d.html</a>
856 42 - ELECTRONIC LOCATION AND ACCESS
Materials specified Table of contents only
Uniform Resource Identifier <a href="http://www.loc.gov/catdir/enhancements/fy0741/2006046738-t.html">http://www.loc.gov/catdir/enhancements/fy0741/2006046738-t.html</a>
942 ## - ADDED ENTRY ELEMENTS (KOHA)
Koha item type Reference
Source of classification or shelving scheme
Holdings
Withdrawn status Lost status Source of classification or shelving scheme Damaged status Not for loan Permanent Location Current Location Shelving location Date acquired Full call number Barcode Date last seen Price effective from Koha item type Public note
          Military College of Signals (MCS) Military College of Signals (MCS) Reference 12/12/2016 621.30285,HAU MCS33784 12/08/2016 12/12/2016 Reference Almirah No.20, Shelf No.3
© 2023 Central Library, National University of Sciences and Technology. All Rights Reserved.